| 000 | 00000nam 2200000zi 4500 |
| 001 | 9.879248 |
| 003 | CaOODSP |
| 005 | 20250904141337 |
| 006 | m o d f |
| 007 | cr cn||||||||| |
| 008 | 190913s2019 onc ob f000 0 fre d |
| 040 | |aCaOODSP|bfre|erda|cCaOODSP |
| 043 | |an-cn--- |
| 086 | 1 |aRv55-8/11-11-3-2019F-PDF |
| 245 | 00|aDécisions anticipées en matière de classement tarifaire. |
| 250 | |a[Édition de 9 août 2009]. |
| 264 | 1|aOttawa : |bAgence des services frontaliers du Canada = Canada Border Services Agency, |c2019. |
| 300 | |a1 ressource en ligne (15 pages). |
| 336 | |atexte|btxt|2rdacontent/fre |
| 337 | |ainformatique|bc|2rdamedia/fre |
| 338 | |aressource en ligne|bcr|2rdacarrier/fre |
| 490 | 1 |aMémorandum, |x2369-2405 ; |vD11-11-3 |
| 500 | |aPublié aussi en anglais sous le titre : Advance rulings for tariff classification. |
| 500 | |aTitre de départ. |
| 500 | |a« Ottawa, le 9 août 2019. » |
| 500 | |a« Ceci annule le mémorandum D, D11-11-3 daté le 30 septembre 2014. » |
| 504 | |aComprend des références bibliographiques. |
| 520 | |a« Le présent mémorandum décrit le programme établi par l'Agence des services frontaliers du Canada (ASFC) afin de rendre des décisions anticipées en matière de classement tarifaire en vertu de l'alinéa 43.1(1)c) de la Loi sur les douanes » -- En résumé. |
| 692 | 07|2gccst|aTarif douanier |
| 710 | 2 |aAgence des services frontaliers du Canada. |
| 775 | 08|tAdvance rulings for tariff classification.|w(CaOODSP)9.879247 |
| 794 | |tDécisions anticipées en matière de classement tarifaire.|b[Édition de 13 septembre 2021]|w(CaOODSP)9.911617 |
| 795 | |tDécisions anticipées en matière de classement tarifaire |b[Édition de 30 septembre 2014]|w(CaOODSP)9.607844 |
| 830 | #0|aMémorandum (Agence des services frontaliers du Canada)|vD11-11-3.|w(CaOODSP)9.816826 |
| 856 | 40|qPDF|s378 Ko|uhttps://publications.gc.ca/collections/collection_2019/asfc-cbsa/Rv55-8-11-11-3-2019-fra.pdf |
| 856 | 4 |qHTML|sS.O.|uhttps://www.cbsa-asfc.gc.ca/publications/dm-md/d11/d11-11-3-fra.html |